书目信息 |
| 题名: |
高分子材料进展
|
|
| 作者: | 张留成 , 闫卫东 , 王家喜 编 | |
| 分册: | ||
| 出版信息: | 北京 化学工业出版社 2005 |
|
| 页数: | 443页 | |
| 开本: | 26cm | |
| 丛书名: | ||
| 单 册: | ||
| 中图分类: | TB324 | |
| 科图分类: | ||
| 主题词: | 高分子材料--研究生--教材 , 高分子材料 | |
| 电子资源: | ||
| ISBN: | 7-5025-6956-1 | |
| 000 | 01006nam0 2200289 450 | |
| 001 | 002931436 | |
| 005 | 20070720104935.84 | |
| 010 | @a7-5025-6956-1@dCNY56.00 | |
| 035 | @a002931436 | |
| 100 | @a20050628d2005 em y0chiy0110 ea | |
| 101 | 0 | @achi |
| 102 | @aCN@b110000 | |
| 105 | @ay z 000yy | |
| 106 | @ar | |
| 200 | 1 | @a高分子材料进展@Agao fen zi cai liao jin zhan@f张留成,闫卫东,王家喜编@Fzhang liu cheng, yan wei dong, wang jia xi bian |
| 210 | @a北京@c化学工业出版社@d2005 | |
| 215 | @a443页@d26cm | |
| 300 | @a研究生规划教材 | |
| 330 | @a全书共分5章,分别介绍了高分子材料合成反应、高分子合成反应实施技术、多组分高分子材料、液晶高分子材料以及功能高分子材料方面的研究进展。 | |
| 606 | 0 | @a高分子材料@x研究生@j教材 |
| 606 | 0 | @a高分子材料 |
| 690 | @aTB324@v4 | |
| 701 | 0 | @a张留成@Azhang liu cheng@c(高分子材料)@4编 |
| 701 | 0 | @a闫卫东@Ayan wei dong@c(高分子材料)@4编 |
| 701 | 0 | @a王家喜@Awang jia xi@c(高分子材料)@4编 |
| 801 | 0 | @aCN@bNLC@c20070720 |
| 905 | @dTB324@e167@f5 | |
| 高分子材料进展/张留成,闫卫东,王家喜编.-北京:化学工业出版社,2005 |
| 443页;26cm |
| 研究生规划教材 |
| ISBN 7-5025-6956-1:CNY56.00 |
| 全书共分5章,分别介绍了高分子材料合成反应、高分子合成反应实施技术、多组分高分子材料、液晶高分子材料以及功能高分子材料方面的研究进展。 |
| ● |
| 相关链接 |
|
|
|
|
正题名:高分子材料进展
索取号:TB324/167
 
预约/预借
| 序号 | 登录号 | 条形码 | 馆藏地/架位号 | 状态 | 备注 |
| 1 | 0850212 | 208502128 | 第二样本阅览室/ [索取号:TB324/167] | 在馆 | |
| 2 | 0850213 | 208502137 | 第三借阅区/ [索取号:TB324/167] | 在馆 | |
| 3 | 0850214 | 208502146 | 第三借阅区/ [索取号:TB324/167] | 在馆 | |
| 4 | 0850215 | 208502155 | 密集书库/ [索取号:TB324/167] | 在馆 | |
| 5 | 0850216 | 208502164 | 密集书库/ [索取号:TB324/167] | 在馆 |